Statistics for AFL Quiz

Click here to take the quiz!

General Stats

  • This quiz has been taken 423 times
  • The average score is 9 of 14

Answer Stats

Hint Answer % Correct
Which team won the 2013 grand final?Hawthorn
97%
What is the most amount of Grand Final wins in a row?4
88%
On which ground is the Grand Final played on each year?MCG
81%
Which 2 teams have won the most premierships?Essendon and Carlton
76%
Who was this by?Collingwood
72%
Name the player who started their career at West Coast Eagles and then moved to Carlton?Chris Judd
67%
Name the player that started their career at Geelong and then move to Gold Coast?Gary Ablett
66%
Which team has come runner up most times?Collingwood
61%
What is the lowest score ever?1
55%
Which team won the first Grand Final?Essendon
55%
What year was the VFL's name changed to AFL?1990
53%
Name the only team to ever leave the VFL/AFL?University
44%
Who was it by?St Kilda
32%
What were Hawthorns original name?Mayblooms
10%

Score Distribution

Percentile by Number Answered

Percent of People with Each Score

Your Score History

You have not taken this quiz